Name Every Noah Kahan Song - Statistics

General Stats
  • This quiz has been taken 27 times
    3 since last reset
  • The average score is 60 of 87
Answer Stats
Album Song % Correct
Stick Season All My Love
100%
The Great Divide All Them Horses
100%
The Great Divide American Cars
100%
I Was/I Am Animal
100%
Cape Elizabeth A Troubled Mind
100%
I Was/I Am Bury Me
100%
Busyhead Carlo's Song
100%
Cape Elizabeth Close Behind
100%
Busyhead Cynic
100%
The Great Divide Dan
100%
The Great Divide Deny Deny Deny
100%
Stick Season Dial Drunk
100%
The Great Divide Doors
100%
The Great Divide Downfall
100%
The Great Divide End of August
100%
Stick Season Everywhere, Everything
100%
I Was/I Am Fear of Water
100%
Stick Season Growing Sideways
100%
The Great Divide Haircut
100%
Stick Season Halloween
100%
The Great Divide Headed North
100%
Stick Season Homesick
100%
I Was/I Am Howling
100%
Busyhead Hurt Somebody
100%
The Great Divide Lighthouse
100%
Cape Elizabeth Maine
100%
Stick Season No Complaints
100%
Stick Season Northern Attitude
100%
Stick Season Orange Juice
100%
The Great Divide Orbiter
100%
The Great Divide Paid Time Off
100%
Stick Season Paul Revere
100%
The Great Divide Porch Light
100%
Busyhead Save Me
100%
Stick Season She Calls Me Back
100%
Busyhead Sink
100%
The Great Divide Spoiled
100%
The Great Divide Staying Still
100%
Stick Season Stick Season
100%
Stick Season Still
100%
Stick Season Strawberry Wine
100%
The Great Divide The Great Divide
100%
Stick Season The View Between Villages
100%
Busyhead Tidal
100%
The Great Divide We Go Way Back
100%
The Great Divide Willing and Able
100%
Stick Season You're Gonna Go Far
100%
Stick Season Your Needs, My Needs
100%
The Great Divide 23
50%
The Great Divide A Few of Your Own
50%
Cape Elizabeth Anyway
50%
I Was/I Am Bad Luck
50%
Busyhead Busyhead
50%
Stick Season Call Your Mom
50%
Hurt Somebody Catastrophize
50%
Single Come Down
50%
Stick Season Come Over
50%
The Great Divide Dashboard
50%
Busyhead False Confidence
50%
Single Fine
50%
Cape Elizabeth Glue Myself Shut
50%
I Was/I Am Godlight
50%
Single Hallelujah
50%
I Was/I Am Hollow
50%
Single ft. Wesley Schultz If We Were Vampires
50%
Busyhead Mess
50%
Stick Season New Perspective
50%
Live at Fenway Park Pain Is Cold Water
50%
I Was/I Am Part of Me
50%
Single ft. mxmtoon Pride
50%
I Was/I Am Someone Like You
50%
Busyhead Youngblood
50%
I Was/I Am Caves
0%
Single ft. Kelsea Ballerini Cowboys Cry Too
0%
Single ft. Chelsea Cutler Crazier Things
0%
Stick Season Forever
0%
Single Hold It Down
0%
Single Mean
0%
Single ft. Griffin and Seven Lions Need Your Love
0%
Hurt Somebody Passenger
0%
Single ft. Matoma Pieces
0%
Hurt Somebody Please
0%
Single ft. Zach Bryan Sarah's Place
0%
Single ft. Quinn XCII Tough
0%
Single ft. James Bay and The Lumineers Up All Night
0%
Single ft. Joy Oladokun We're All Gonna Die
0%
Single ft. The Beat Bugs You Won't See Me
0%
No matching quizzes found
Score Distribution
Percent of People with Each Score
Percentile by Number Answered
Your Score History
You have not taken this quiz since the last reset